Normal view
MARC view
- Harry norton, Sr
Entry Personal Name
001 - CONTROL NUMBER
- control field: 127383
003 - CONTROL NUMBER IDENTIFIER
- control field: NUST
005 - DATE AND TIME OF LATEST TRANSACTION
- control field: 20250107115313.0
008 - FIXED-LENGTH DATA ELEMENTS
- fixed length control field: 250107|| aca||aabn | a|a d
040 ## - CATALOGING SOURCE
- Original cataloging agency: NUST
- Transcribing agency: NUST
100 ## - HEADING--PERSONAL NAME
- Personal name: Harry norton, Sr
670 ## - SOURCE DATA FOUND
- Source citation: Work cat.: (NUST): Harry norton, Sr, Design of machinery , 1992.
